000 00470nam a2200133Ia 4500
008 100328s9999 xx 000 0 und d
082 _b41289
100 _aमंकीकर दि.रा.
245 _aबासष्टचे गुन्हेगार
260 _bकेसरी मुद्रणालय
630 _aबासष्टचे गुन्हेगार
730 _aबासष्टचे गुन्हेगार
942 _cBOOK
999 _c529901
_d529898